000 00876nam a2200337 a 4500
003 AR-BaBNM
005 20251128210935.0
008 082120s2002 ||||||||||||||000 | spa||
020 _a84-7223-390-1
040 _cAR-BaBNM
100 1 _aMiller, Alice
245 0 0 _aLa llave perdida
250 _a1ª ed.
260 _aBarcelona
_bTusquets Editores
_c1991
300 _a176 p.
_bil.
490 0 _aEnsayo
_vv. 15
500 _aContiene referencias bibliográficas
600 1 4 _aNietzsche, Friedrich
600 1 4 _aPicaso, Pablo
600 1 4 _aKollwitz, Kathe
600 1 4 _aKeaton, Buster
650 4 _aLITERATURA ALEMANA
650 4 _aENSAYO
650 4 _aCRITICA LITERARIA
650 4 _aLITERATURA CONTEMPORANEA
653 _aCRITICA CULTURAL
655 _aLITERATURA
700 1 _aParra Contreras, Joan
_etraductor
942 _cBK
998 _cMARTIN
999 _c17556
_d17556